00418nam a2200145Ia 4500003000400000005001700004008004100021040001800062041000800080100005200088110001700140245003700157260002000194710005800214OSt20260323111415.0211028s2019 xx 000 0 und d cAIMIT LIBRARY aeng aMonteiro, Deelan Joston; Kumar, Rakesh.g161726 aSrinivas B L aAutomation android application / aMangaluruc2019 aMangalore Electricity Supply Company Limited (MESCOM)